Statistics for Dark Horse - Katy Perry Lyrics

Click here to take the quiz!

General Stats

  • This quiz has been taken 1,190 times
    (1,175 since last reset)
  • The average score is 117 of 168

Answer Stats

Answer% Correct
a
98%
A
98%
you
98%
You
98%
I,
96%
I
96%
dark
92%
horse
92%
your
92%
for,
91%
for
91%
Are
89%
are
89%
do
86%
to
86%
with
86%
Like
85%
like
85%
magic
85%
'Cause
84%
me,
84%
me
84%
play
84%
So
84%
know
83%
perfect
83%
ready
83%
the
83%
Cause
82%
I'm
82%
what
82%
no
81%
no,
81%
wanna
81%
you're
81%
coming
80%
storm
78%
storm,
78%
And
77%
and
77%
at
77%
This
76%
this?
76%
Baby
75%
baby
75%
Boy,
75%
should
75%
back
73%
be
72%
dare
72%
make
72%
Make
72%
going
71%
There's
71%
don't
68%
enemy,
67%
enemy
67%
mine,
67%
mine
67%
one
67%
only
66%
But
65%
were
65%
falling
64%
knew
62%
once
62%
of
61%
Of
61%
Aphrodite
60%
come
57%
here
55%
anything
54%
everything
54%
gonna
52%
it
51%
better
50%
choose
49%
capable
48%
carefully
48%
my
44%
in
42%
bird
39%
It's
39%
or
39%
yes
36%
If
35%
just
35%
love
35%
maybe
35%
now
35%
walk
35%
away,
34%
away
34%
give
34%
will
34%
words
34%
All
32%
all
32%
cage
32%
Mark
32%
palm
32%
sure
32%
without
32%
hand
31%
before
28%
levitate
28%
down
21%
earth
20%

Score Distribution

Percentile by Number Answered

Percent of People with Each Score

Your Score History

You have not taken this quiz since the last reset